A Movie I've Seen for Each Letter - Statistics

General Stats
  • This quiz has been taken 81 times
    41 since last reset
  • The average score is 16 of 26
Answer Stats
Picture Answer % Correct
Ghostbusters
97%
Indiana Jones and the Last Crusade
94%
Jaws
94%
Raiders of the Lost Ark
94%
The Lord of the Rings: the Fellowship of the Ring
94%
Elf
88%
Ace Ventura Pet Detective
82%
The Terminator
79%
Mission: Impossible
76%
The Hangover
76%
The Nightmare Before Christmas
73%
Knives Out
70%
Zoolander
70%
The Shining
67%
Psycho
58%
V For Vendetta
55%
One Flew Over the Cuckoo's Nest
52%
Bill & Ted's Excellent Adventure
48%
The Usual Suspects
48%
Quiz Show
42%
Clue
36%
The Dark Crystal
30%
X men First Class
30%
War Games
27%
Fletch
24%
Young Sherlock Holmes
21%
No matching quizzes found
Score Distribution
Percent of People with Each Score
Percentile by Number Answered
Your Score History
You have not taken this quiz since the last reset